000 00570nam a2200181 4500
001 117698
003 ES-MaACL
005 20230928121745.0
007 t|
008 070214s1971 sp r ||||1| spa d
245 0 0 _aPapeles del Departamento de Geografía.
260 _aMurcia :
_bUniversidad, Facultad de Filosofía y Letras,
_c1971.
300 _a2 v. :
_bil. ;
_c24 cm.
710 2 _97244
_aUniversidad de Murcia.
_bFacultad de Filosofía y Letras
852 _aES-MaACL
_jP-1572
_bR.78350
_9122095
_cDEPO2
942 _2udc
999 _c117698
_d117698